000
00248 a2200109 4500
001
8188
082
_a
621.381 RYD
090
_c
6576
_d
6576
100
_a
Pyder, J D
245
_a
Electronic Foundamentals & application (W/O vide BOO 1995)
260
_b
Pitman
942
_a
NUST-CAE
999
_c
243261
_d
243261